Forts of the East India Company on a Map - Statistics

General Stats
  • This quiz has been taken 16 times
  • The average score is 29 of 50
Answers on the Map
Answers color-coded by a green-red scale on the quiz's map according to % correct below.
 
Answer Stats
Fort Name and Date Answer % Correct
Straits Settlement (Singapore) (1819-1858) Singapore
80%
Dhaka (1668-1858) Bangladesh
60%
Xiamen (1676-1681) China
60%
Guangzhou (1699-1858) China
60%
Surat (1612-1858) India
60%
Khambhat (1612-1858) India
60%
Nizampatnam (1614-1687) India
60%
Machilipatnam (1615-1709) India
60%
Armagon (1626-1640) India
60%
Chennai (1640-1858) India
60%
Balasore (1642-1687) India
60%
Vizakhapatnam (1668-1858) India
60%
Hugli (1651-1685) India
60%
Kasimbazar (1658-1685) India
60%
Rajapur (1637-1679) India
60%
Karwar (1649-1752) India
60%
Patna (1658-1813) India
60%
Cuddalore (1674-1688) India
60%
Thalassery (1683-1858) India
60%
Anchuthengu (1697-1813) India
60%
Kolkata (1686-1858) India
60%
Bantam (1602-1682) Indonesia
60%
Jakarta (1621-1628) Indonesia
60%
Aceh (1612-1623) Indonesia
60%
Tiku (1612-1623) Indonesia
60%
Pariaman (1612-1623) Indonesia
60%
Jambi (1612-1623) Indonesia
60%
Indraghiri (1612-1623) Indonesia
60%
Banjarmasin (1699-1747) Indonesia
60%
Makassar (1613-1667) Indonesia
60%
Run Island (1617-1620) Indonesia
60%
Bengkulu (1685-1825) Indonesia
60%
Hirado (1613-1623) Japan
60%
Balambangan (1771-1775) Malaysia
60%
Labuan (1802-1803) Malaysia
60%
Georgetown (1786-1957) Malaysia
60%
Thanlyin (1647-1657) Myanmar
60%
Pegu (1724-1743) Myanmar
60%
Negrais Island (1753-1759) Myanmar
60%
Pattani (1613-1624) Thailand
60%
Ayutthaya (1615-1684) Thailand
60%
Hanoi (1672-1697) Vietnam
60%
Phnom Penh (1651-1656) Cambodia
40%
Fort Cormantine (1657-1662) Ghana
40%
Shiraz (1616-1763) Iran
40%
Jask (1616-1763) Iran
40%
Isfahan (1616-1763) Iran
40%
Bandar Abbas (1624-1759) Iran
40%
Tainan (1675-1684) Taiwan
40%
Mokha (1618-1662) Yemen
40%
No matching quizzes found
Score Distribution
Percent of People with Each Score
Percentile by Number Answered
Your Score History
You have not taken this quiz